000 00630naa a22001577i 4500
001 8888
003 KOSZ 005
005 20180309123009.0
008 180309s2011 pl |||f| ||||0|| 0 pol d
040 _cKOSZ 005/HR
_aKOSZ 005/HR
041 0 _apol
100 1 _aZALESKA, Beata.
_bPolitechnika Koszalińska - Wydział Nauk Ekonomicznych,
_cKatedra Rachunkowości.
_d1996 - .
245 1 0 _aOrganizacja rachunkowości w samodzielnych publicznych zakładach opieki zdrowotnej /
_cBeata Zaleska.
773 0 _iW :
_tOrganizacja rachunkowości / red. nauk. Kazimiera Winiarska. -
_dWarszawa : PWE, 2011. -
_gs. 231-239
942 _cROZ
_2UKD
999 _c8888
_d8888